000 00838nam a2200241Ia 4500
003 OSt
005 20220923223919.0
006 a|||||r|||| 00| 0
007 ta
008 220922b |||||||| |||| 00| 0 hin d
024 _a223,280
037 _cTextual
040 _aARTS
_cARTS
_bhin
041 _2hin
_ahin
082 _aR6, 152.K5;P4
100 _aचट्ठोपाध्याय, देवीप्रसाद
245 0 _aभारतीय दर्शन
_b सरल परिचय
246 _aBhāratīya darshana: saral parichaya
260 _aनयी दिल्ली
_b राजकमल प्रकाशन
_c2004
300 _a232पृ.
_ccm.
942 _hR6, 152.K5;P4
_cTEXL
_2CC
999 _c368197
_d368197